Un marco para la elaboración de estrategias diversificadas de formación de educadores polivalentes (documento base) : seminario técnico regional sobre formación de educadores polivalentes....

محفوظ في:
التفاصيل البيبلوغرافية
المؤلف الرئيسي: Vega Godoy, Rodrígo (autor)
التنسيق: كتاب
اللغة:الإسبانية
الموضوعات:
الوسوم: إضافة وسم
لا توجد وسوم, كن أول من يضع وسما على هذه التسجيلة!

MARC

LEADER 00000cam^a2200000uu^4500
001 000459865
005 20250521000000.0
008 050901s1985^^^^^^^^^^^^r^^r^^000^0^spa^d
009 20260526145728.202
035 |a FCE 000002332 
035 |a FCE 008635 
037 |a Acervo ITESO - Biblioteca 
041 |a spa 
082 0 4 |a 370.7122  |b VEG 
100 |a Vega Godoy, Rodrígo  |e (autor) 
245 1 3 |a Un marco para la elaboración de estrategias diversificadas de formación de educadores polivalentes (documento base) :  |b seminario técnico regional sobre formación de educadores polivalentes.... 
264 |a Colombia :  |b OREALC : UNESCO,  |c 1985. 
300 |a 130 p. 
336 |a texto  |b txt  |2 rdacontenido 
337 |a sin mediación  |b n  |2 rdamedio 
338 |a volumen  |b nc  |2 rdasoporte 
649 |a XX 
650 |a Desarrollo Comunitario 
650 |a Educación rural 
650 |a Estrategias de la educación 
650 |a Necesidades educativas 
650 |a Comunidad rural 
650 |a Promotores 
650 |a Educadores 
650 |a Formación de docentes 
650 |a América Latina 
910 |a Fondo Centro de Estudios Educativos 
920 |a Impresos - Libros 
930 |a Fondos Especiales 
905 |a 133 
901 |a ALE008635  |b IT2  |c CEE  |u 20250521 
902 |a https://opac.biblio.iteso.mx/vufind/Record/000459865